Lenguaje y cultura: la etnolinguística
Guardat en:
| Autor principal: | |
|---|---|
| Format: | Llibre |
| Idioma: | espanyol |
| Publicat: |
Madrid
Sintesis
1991
|
| Col·lecció: | Colección Linguística, 16
|
| Matèries: | |
| Etiquetes: |
Afegir etiqueta
Sense etiquetes, Sigues el primer a etiquetar aquest registre!
|
MARC
| LEADER | 00000nam a2200000 a 4500 | ||
|---|---|---|---|
| 001 | UCP6337 | ||
| 003 | CL-VaPUC | ||
| 008 | 991021e19910000SP |||||||||||||||||spa|d | ||
| 082 | 0 | 4 | |a 306.440 |b CAS |2 21 |
| 100 | |a Casado Velarde, Manuel |e autor |9 457063 | ||
| 245 | 1 | 0 | |a Lenguaje y cultura: la etnolinguística |
| 300 | |a 159 p | ||
| 942 | |c BK | ||
| 945 | |d 19991021 00:00:00 |a rbrito | ||
| 260 | |a Madrid |b Sintesis |c 1991 | ||
| 650 | 0 | |a Etnolingüística |9 341076 | |
| 650 | 0 | |a Lingüística |9 265068 | |
| 650 | 0 | |a Lenguaje y lenguas |9 265846 | |
| 650 | 0 | |a Cultura |9 269059 | |
| 650 | 0 | |a Etnografía |9 309735 | |
| 583 | |a last modification |c 19991021 00:00:00 |k Rodrigo Vera | ||
| 490 | 0 | |a Colección Linguística, 16 | |
| 999 | |c 283927 |d 283925 | ||
| 952 | |0 0 |1 0 |4 0 |6 306_440000000000000_CAS_1991 |7 0 |8 A |9 327472 |a FDOPOS |b FDOPOS |d 2019-11-20 |i 3573885 |o 306.440 CAS 1991 |p 3573885 |r 2025-01-22 |w 2019-11-20 |y BK |k MLA | ||